000 00945nas a2200313 4500
001 BR2011002183
003 BR-BrBNA
005 20231205114548.0
007 ta
008 230509b bl.|||p| |||| 00| 00por d
040 _aBR-BrBNA
_bpor
_cBiblioteca Nacional de Agricultura
041 _a(En)
072 _aL73; L70
100 1 _aSilva, M.L.
100 1 _aMartins, B.C.
100 1 _aRibeiro, A.P.
100 1 _aSouza, A.L.G. de
100 1 _aLaus, J.L.
245 1 _aA- and B-modes echobiometry in cataractous and noncataractous eyes of English Cocker Spaniel dogs
650 _aCÃO
650 _aBULBO
650 _aOLHO
650 _aCATARATA
650 _aULTRA-SOM
650 _aMÉTODO ESTATÍSTICO
773 0 _tArquivo Brasileiro de Medicina Veterinária e Zootecnia (Brazil)
_xISSN 0102-0935
_g(Oct 2010), v. 62(5) p. 1080-1085
_wBR2011002183
909 _a202311
_bLúcia
_c55
_dLúcia Elande
942 _2AGRIS
_n0
_cANA
999 _c209337
_d209337